banner-ar

هكذا رسموا انفسهم : (Record no. 61114)

MARC details
000 -الفاتح
حقل البيانات ثابتة الطول 00952nam a22002297a 4500
005 - وقت وتاريخ اخر تعامل مع التسجيلة
رقم الضبط 20240530110444.0
008 - عناصر البيانات ثابتة الطول - معلومات عامة
حقل البيانات ثابتة الطول 150426s2007 ua afo f b 000 0 ara d
017 ## - رقم الايداع القانونى
رقم الايداع القانونى 2007/24450
المصدر ( الهيئة المختصة) مصر . دار الكتب المصرية
020 ## - الرقم الدولى المعيارى للكتب
الرقم الدولى المعيارى للكتاب 9789774200984
040 ## - مصدر الفهرسة
وكالة الفهرسة الأصلية EG-CaGPL
082 04 - رقم تصنيف ديوى العشرى
رقم الطبعة 21
رقم التصنيف 740\
رقم المادة أ هـ
100 0# - المدخل الرئيسى - إسم شخصى
الإسم الشخصى احمد رافت
245 10 - بيان العنوان
العنوان هكذا رسموا انفسهم :
بقية العنوان الفنان بريشتة عبر العصور من مائة الف عام و حتى بداية القرن الواحد و العشرين /
بيان المسئوليه,etc تاليف احمد رافت
260 ## - PUBLICATION, DISTRIBUTION, ETC. (IMPRINT)
تاريخ النشر أو التوزيع 2007 .
300 ## - الوصف المادى
التعداد 448 ص :
تفاصيل ماديه اخرى للوعاء صور ، لوحات ؛
أبعاد الوعاء 24 سم .
504 ## - تبصرة ببليوجرافية
تبصرة ببليوجرافية,الخ ببليوجرافية : ص433 - 440
650 04 - المدخل الاضافى بالموضوع-مصطلح موضوعى
مصطلح موضوعي الرسم
650 04 - المدخل الاضافى بالموضوع-مصطلح موضوعى
مصطلح موضوعي الاشخاص فى الفن
650 04 - المدخل الاضافى بالموضوع-مصطلح موضوعى
مصطلح موضوعي رسم الاشخاص
942 ## - عناصر المدخل الإضافي( كوها)
مصدر التصنيف او مخطط الترفيف Dewey Decimal Classification
Koha [default] item type كتاب
260 ## - PUBLICATION, DISTRIBUTION, ETC. (IMPRINT)
-- القاهرة :
-- الهيئة المصرية العامة للكتاب ،
Holdings
حالة التراجع حالة الفقد حالة تلف ليس للاعارة المكان المؤقت الموقع الحالى تاريخ الاكتساب اجمالي اﻻعارات رقم الطلب الباركود تاريخ اخر مشاهدة تاريخ تفعيل السعر نوع وعاء كوها
        مكتبة القاهرة الكبرى مكتبة القاهرة الكبرى 04/26/2015   740\ أ هـ 160338 04/26/2015 04/26/2015 كتاب

Powered By

EGPV